| 000 | 00899cam a2200277 a 4500 | ||
|---|---|---|---|
| 001 | 23098 | ||
| 003 | BD-RjUL | ||
| 005 | 20211209000906.0 | ||
| 008 | 140310s1982 ii abf b 001 0 eng | ||
| 035 | _a(BD-RjUL)23163 | ||
| 035 | _a310766 | ||
| 040 |
_aLC _beng _cLC _dNNCU:A _dBD-RjUL |
||
| 041 | _aeng | ||
| 082 | 0 | 0 |
_a915.4 _219 _bGEM |
| 100 | 1 |
_aGeddes, Arthur, _d1895- _971233 |
|
| 245 | 1 | 0 |
_aMan and land in South Asia / _cby Arthur Geddes ; edited by A.T.A. Learmonth ... [et al.]. |
| 260 |
_aNew Delhi : _bConcept, _c1982. |
||
| 300 |
_axii, 217 p., [1] leaf of plates : _bill., maps ; _c25 cm. |
||
| 504 | _aIncludes Bibliography: p. 207-209 and index. | ||
| 650 | 0 |
_aPhysical geography _zIndia. _971234 |
|
| 651 | 0 |
_aIndia _xGeography. _968803 |
|
| 700 | 1 |
_aLearmonth, A. T. A. _q(Andrew Thomas Amos), _d1916- _971235 |
|
| 942 |
_2ddc _cBK |
||
| 999 |
_c23098 _d23098 |
||